000
00276nam a22001337a 4500
008
170214b xxu||||| |||| 00| 0 eng d
020
_a
0880482060
041
_a
eng
080
_a
61
100
_a
4
101
_a
shm
245
_a
CHRONIC PAIN
_c
FRANCE, R.D
942
_2
udc
_c
BK
999
_c
5331
_d
5331